<?xml version="1.0" encoding="UTF-8"?>
<collection xmlns="http://www.loc.gov/MARC21/slim">
 <record>
  <leader>08394nam a2200265 a 4500</leader>
  <controlfield tag="001">1/47174</controlfield>
  <controlfield tag="008">170524s2008    gr       b    00010 gre  </controlfield>
  <datafield tag="020" ind1=" " ind2=" ">
   <subfield code="a">9789600111897</subfield>
  </datafield>
  <datafield tag="035" ind1=" " ind2=" ">
   <subfield code="l">50153</subfield>
  </datafield>
  <datafield tag="040" ind1=" " ind2=" ">
   <subfield code="a">GR-PeUP</subfield>
  </datafield>
  <datafield tag="082" ind1="0" ind2="0">
   <subfield code="a">378.495 ΙΣΤ</subfield>
  </datafield>
  <datafield tag="245" ind1="0" ind2="0">
   <subfield code="a">Ιστορία της πανεπιστημιακής εκπαίδευσης :</subfield>
   <subfield code="b">πρακτικά 4ου Επιστημονικού Συνεδρίου Ιστορίας της Εκπαίδευσης, Πάτρα, 6-8 Οκτωβρίου 2006 /</subfield>
   <subfield code="c">επιμέλεια Σήφης Μπουζάκης.</subfield>
  </datafield>
  <datafield tag="260" ind1="0" ind2=" ">
   <subfield code="a">Αθήνα :</subfield>
   <subfield code="b">Gutenberg,</subfield>
   <subfield code="c">2008.</subfield>
  </datafield>
  <datafield tag="300" ind1=" " ind2=" ">
   <subfield code="a">472 σ. ;</subfield>
   <subfield code="c">24 εκ.</subfield>
  </datafield>
  <datafield tag="490" ind1="1" ind2=" ">
   <subfield code="a">Τεκμήρια-Μελέτες Ιστορίας Νεοελληνικής Εκπαίδευσης ;</subfield>
  </datafield>
  <datafield tag="500" ind1=" " ind2=" ">
   <subfield code="a">Περίληψη: Στον τόμο αυτό περιλαμβάνονται μερικές από τις ανακοινώσεις του 4ου Διεθνούς Επιστημονικού Συνεδρίου Ιστορίας της Εκπαίδευσης που πραγματοποιήθηκε στην Πάτρα, 6-8 Οκτωβρίου 2006, στο Συνεδριακό Κέντρο του Πανεπιστημίου με θέμα &quot;Ιστορία της Πανεπιστημιακής Εκπαίδευσης&quot;. Περιέχονται τα κείμενα: - Vitaly Bezrogov, Galina Ivanchenko, &quot;Η ιδέα του πανεπιστημίου στην αυτοκρατορική Ρωσία: κράτος και κουλτούρα στο διάλογο για την εκπαίδευση (1755-1861)&quot; - Marie - Francoise Fave - Bonnet, &quot;Η ανώτατη εκπαίδευση στη Γαλλία: 40 χρόνια ιστορίας και αλλαγών&quot; - Gary McCulloch, &quot;Κάνοντας μια νέα επίσκεψη στην ιστορική εμπειρία για την Ανώτατη Εκπαίδευση&quot; - Μανόλης Δαφέρμος, &quot;Πανεπιστήμιο, επιστήμη και κοινωνικός μετασχηματισμός στην ΕΣΣΔ&quot; - Αλέξης Δημαράς, &quot;Το πανεπιστήμιο και οι θεραπαινίδες του - Θεόδωρος Ελευθεράκης, &quot;Ο Αλέξανδρος Δελμούζος και το Πανεπιστήμιο&quot; - Χρήστος Θεοφιλίδης, &quot;Η τριτοβάθμια εκπαίδευση στην Κύπρο από την εποχή της ανεξαρτησίας (1960) μέχρι σήμερα: χαρτογράφηση του τοπίου&quot; - Πολύκαρπος Καραμούζης, &quot;Πανεπιστήμιο και Ιδεολογία: Η αναπαραγωγή της κυρίαρχης ιδεολογικοπολιτικής θεωρίας μέσα από τους επίσημους λόγους των καθηγητών του Πανεπιστημίου Αθηνών (1900-1970)&quot; - Μιχάλης Κελπανίδης, &quot;Η εκπαιδευτική πολιτική της Ευρωπαϊκής Ένωσης στο πλαίσιο της διαδικασίας της ευρωπαϊκής ενσωμάτωσης&quot; - Παναγιώτης Κιμουρτζής, &quot;Πανεπιστήμιο και οικονομία στην Ελλάδα (1837-1862)&quot; - Αναστάσιος Κοντάκος, Αναστάσιος Κουντούρης, &quot;&quot;Σκεύος Ζερβός θα πει Δωδεκάνησος και Δωδεκάνησος θα πει Σκεύος Ζερβός&quot;: Πανεπιστημιακή και ενωτική δράση του Σκεύου Ζερβού&quot; - Ασημίνα Κούρου, Αμαλία Α. Υφάντη, Άννα Τσατσαρώνη, &quot;Η εκπαίδευση των καθηγητών Φυσικής Αγωγής στην Ελλάδα και ο λόγος του σώματος&quot; - Μαίρη Κουτσελίνη, &quot;Μοντέλα ανάπτυξης Εκπαιδευτικών και τα αναλυτικά προγράμματα ανώτατης εκπαίδευσης. Η περίπτωση της Κύπρου&quot; - Δημήτρης Μαυροσκούφης, &quot;Σύνδεση τριτοβάθμιας και δευτεροβάθμιας εκπαίδευσης μέσω ΑΣΕΠ: Η περίπτωση της διδακτικής μεθοδολογίας της ιστορίας&quot; - Σήφης Μπουζάκης, &quot;Η ελληνική πανεπιστημιακή εκπαίδευση: Από την ίδρυση του πρώτου ελληνικού πανεπιστημίου το 1836/7 μέχρι τον Οργανισμό του 1932: Θεσμοί και αντιλήψεις&quot; - Παναγιώτης Περσιάνης, &quot;Το Οθωνικό πανεπιστήμιο σε σύγκριση με τα γερμανικά και γαλλικά πανεπιστήμια του 19ου αιώνα: προσπάθεια ερμηνείας των βασικών χαρακτήρων του&quot; - Ιωάννης Πυργιωτάκης, &quot;Ο πολιτικός Κωνσταντίνος Στεφάνου Καραθεοδωρή: το όραμα του ελληνικού πανεπιστημίου Σμύρνης, όπως το συνέλαβε ο εμπνευστής και ιδρυτής του, μαθηματικός Κωνσταντίνος Στεφάνου Καραθεοδωρή&quot; - Σπύρος Ρασής, Μαρία Αδάμου-Ρασή, &quot;Το φοιτητικό κίνημα του '60 στις ΗΠΑ: Ελπιδοφόρα αρχή - Άδοξη κατάληξη&quot; - Δημήτρης Ρόκος, &quot;Το δημόσιο πανεπιστήμιο στα χρόνια της ασυδοσίας των αγορών. Αντιστάσεις και Κερκόπορτες&quot; - Περσεφόνη Σιμένη, &quot;Η έκθεση της επιτροπής των καθηγητών του Πανεπιστημίου Αθηνών το 1913. Μια προσπάθεια αναθεώρησης της πανεπιστημιακής νομοθεσίας&quot; - Χρήστος Τζήκας, &quot;Απόπειρες μεταρρύθμισης των ανώτατης εκπαίδευσης: η περίπτωση των νομοσχεδίων του Α. Ευταξία (1899)&quot; - Πέτρος Τραντάς, Γιώργος Κόκκινος, &quot;Αλλοδαποί φοιτητές στην Ελλάδα (1929-2000): χώρες προέλευσης, διακυμάνσεις ποσοστών και επιλογή σπουδών&quot; - Βασίλης Α. Φούκας, &quot;&quot;...νέοι ζητούντες και μη ευρίσκοντες εργασίαν ή η αμέτρητη στρατιά της πέννας...&quot;. Οι επαγγελματικές επιλογές των νέων κατά την περίοδο του μεσοπολέμου: Απόψεις καθηγητών, φοιτητών και φοιτητριών του πανεπιστημίου Θεσσαλονίκης&quot; - Αντώνιος Χουρδάκης, &quot;Αντώνιος Γιάνναρης: ένας Κρητικός καθηγητής στο πανεπιστήμιο St. Andrews της Σκωτίας (1896-1903)&quot;.</subfield>
  </datafield>
  <datafield tag="504" ind1=" " ind2=" ">
   <subfield code="a">Περιέχει βιβλιογραφία.</subfield>
  </datafield>
  <datafield tag="650" ind1=" " ind2="4">
   <subfield code="a">Εκπαίδευση, Ανώτατη</subfield>
   <subfield code="x">Συνέδρια</subfield>
   <subfield code="z">Ελλάδα.</subfield>
  </datafield>
  <datafield tag="650" ind1=" " ind2="4">
   <subfield code="a">Education, Higher</subfield>
   <subfield code="x">History</subfield>
   <subfield code="z">Greece</subfield>
   <subfield code="x">Congresses.</subfield>
  </datafield>
  <datafield tag="650" ind1=" " ind2="4">
   <subfield code="a">Εκπαίδευση, Ανώτατη</subfield>
   <subfield code="x">Ιστορία</subfield>
   <subfield code="z">Ελλάδα</subfield>
   <subfield code="x">Συνέδρια.</subfield>
  </datafield>
  <datafield tag="700" ind1="1" ind2=" ">
   <subfield code="a">Μπουζάκης, Σήφης.</subfield>
  </datafield>
  <datafield tag="830" ind1=" " ind2=" ">
   <subfield code="a">Τεκμήρια-Μελέτες Ιστορίας Νεοελληνικής Εκπαίδευσης ;</subfield>
   <subfield code="v">26</subfield>
  </datafield>
  <datafield tag="852" ind1=" " ind2=" ">
   <subfield code="a">INST</subfield>
   <subfield code="b">UNIPILB</subfield>
   <subfield code="c">MAIN</subfield>
   <subfield code="e">20170524</subfield>
   <subfield code="h">378.495 ΙΣΤ</subfield>
   <subfield code="p">00177495</subfield>
   <subfield code="q">00177495</subfield>
   <subfield code="t">LOAN</subfield>
   <subfield code="y">0</subfield>
   <subfield code="4">2</subfield>
  </datafield>
  <datafield tag="852" ind1=" " ind2=" ">
   <subfield code="a">INST</subfield>
   <subfield code="b">UNIPILB</subfield>
   <subfield code="c">MAIN</subfield>
   <subfield code="e">20170524</subfield>
   <subfield code="h">378.495 ΙΣΤ</subfield>
   <subfield code="p">00177496</subfield>
   <subfield code="q">00177496</subfield>
   <subfield code="t">LOAN</subfield>
   <subfield code="y">0</subfield>
   <subfield code="4">3</subfield>
  </datafield>
  <datafield tag="852" ind1=" " ind2=" ">
   <subfield code="a">INST</subfield>
   <subfield code="b">UNIPILB</subfield>
   <subfield code="c">MAIN</subfield>
   <subfield code="e">20170524</subfield>
   <subfield code="h">378.495 ΙΣΤ</subfield>
   <subfield code="p">00177504</subfield>
   <subfield code="q">00177504</subfield>
   <subfield code="t">LOAN</subfield>
   <subfield code="y">0</subfield>
   <subfield code="4">1</subfield>
  </datafield>
 </record>
</collection>
